| 000 | 02868cab a22005175a 4500 | ||
|---|---|---|---|
| 001 | L145416 | ||
| 008 | 081006s2008 xxk f v 000 0 eng u | ||
| 035 | _a(Sirsi) u145416 | ||
| 041 | 0 | _aeng | |
| 100 | 1 | _aSheridan, Peter | |
| 245 | 0 | 0 | _aConstruction Act review |
| 260 | _c2008 | ||
| 490 | 0 |
_aConstruction Law Journal _v24 (6) 2008, 506-517 (12) |
|
| 520 | _aExamines aspects of insolvency relating to the Housing Grants, Construction and Regeneration Act 1996. Highlights developments in this area with reference to the following cases (see Keywords). Develops the following topics: the use of statutory demand/winding-up petition as an alternative to adjudication, where there is a debt pursuant to the payment provisions of a construction contract; the use of statutory demand/winding-up petition as a means of enforcing an adjudicator's decision; stay of execution, where summary judgment is given in respect of an adjudicator's decision; particular consideration in relation to liquidation, receivership and administration. | ||
| 590 | _aKA | ||
| 650 | 2 | 4 | _aHOUSING GRANTS, CONSTRUCTION AND REGENERATION ACT 1996 |
| 650 | 2 | 4 | _aMELVILLE DUNDAS LTD V GEORGE WIMPEY UK LTD AND ANOTHER |
| 650 | 2 | 4 | _aPARKE V FENTON GREEN PARTNERSHIP |
| 650 | 2 | 4 | _aGUARDI SHOES LTD V DATUM CONTRACTS |
| 650 | 2 | 4 | _aHARLOW AND MILNER V TEASDALE |
| 650 | 2 | 4 | _aWILLIAM OAKLEY V AIRCLEAR ENVIRONMENTAL LTD |
| 650 | 2 | 4 | _aBOUYGUES UK LTD V DAHL-JENSEN UK LTD |
| 650 | 2 | 4 | _aWIMBLEDON CONSTRUCTION COMPANY 2000 LTD V DEREK VARGO |
| 650 | 2 | 4 | _aAWG CONSTRUCTION LTD V ROCKINGHAM MOTOR SPEEDWAY LTD |
| 650 | 2 | 4 | _aHERSCHEL ENGINEERING LTD V BREEN PROPERTY LTD |
| 650 | 2 | 4 | _aRAINFORD HOUSE LTD V CADOGAN LTD |
| 650 | 2 | 4 | _aABSOLUTE RENTALS LTD V GENCOR ENTERPRISES LTD |
| 650 | 2 | 4 | _aMCCONNELL DOWELL CONSTRUCTORS (AUST) PTY LTD V NATIONAL GRID GAS PLC |
| 650 | 2 | 4 | _aTREASURE AND SON LTD V MARTIN DAWES |
| 650 | 2 | 4 | _aALE HEAVYLIFT V MSD (DARLINGTON) LTD |
| 650 | 2 | 4 | _aWILLIAM VERRY LTD V CAMDEN LBC |
| 650 | 2 | 4 | _aMULTIPLEX CONSTRUCTIONS (UK) LTD V MOTT MACDONALD LTD |
| 650 | 2 | 4 | _aART CONSULTANCY LTD V NAVERA TRADING LTD |
| 650 | 2 | 4 | _aHART INVESTMENTS LTD V FIDLER AND ANOTHER |
| 650 | 2 | 4 | _aFASTRACK CONTRACTORS LTD V MORRISON CONSTRUCTION LTD |
| 650 | 2 | 4 | _aFAITHFUL AND GOULD LTD V ARCAL LTD |
| 650 | 2 | 4 | _aBALDWINS INDUSTRIAL SERVICES PLC V BARR LTD |
| 650 | 2 | 4 | _aBRISTOL AIRPORT PLC V POWDRILL |
| 650 | 2 | 4 | _aA STRAUME (UK) LTD V BRADLOR DEVELOPMENTS LTD |
| 650 | 2 | 4 | _aCANARY RIVERSIDE DEVELOPMENT V TIMTEC INTERNATIONAL |
| 651 | 4 |
_aEngland and Wales _y1543- |
|
| 690 | _aMANAGEMENT-DISPUTE AVOIDANCE, MANAGEMENT AND RESOLUTION-DISPUTE MANAGEMENT AND RESOLUTION-ALTERNATIVE DISPUTE RESOLUTION-ADJUDICATION | ||
| 690 | _aBUILT ENVIRONMENT-CONSTRUCTION MANAGEMENT-BUILDING CONTRACT ADMINISTRATION | ||
| 700 | 1 | _aHelps, Dominic | |
| 942 | _n0 | ||
| 999 |
_c80802 _d80802 |
||